000 00733nam a22002297a 4500
003 UA-OsUOA
001 21040
007 ta
008 20031112b un ||||| |||| 00| 0 ukr d
090 _a94(477).09
_bВ64
942 _cBK
040 _aUA-OsUOA
_bukr
_cUA-OsUOA
_dUA-OsUOA
245 _aВозз'єднання українського народу в єдиній Українській радянській державі (1939 - 1949 рр.)
_bЗбірник документів та матеріалів
300 _a211 с.
955 _a0
041 _aukr
080 _a94(477).09
260 _aКиїв
_bДержполітвидав України
_c1949
044 _aUA
650 7 _2UDC
999 _c307232
_d307232